| 000 | 00419nam a22001697a 4500 | ||
|---|---|---|---|
| 005 | 20180615162753.0 | ||
| 008 | 160525b xxu||||| |||| 00| 0 eng d | ||
| 020 | _a978-0-07-060429-2 | ||
| 041 | _aeng | ||
| 082 |
_b4813 _a657.95 |
||
| 100 |
_aMukherjee AC Hanif M _91201 |
||
| 245 | _aCorporate Accounting | ||
| 260 |
_aNew Delhi _bAcademic Faundation |
||
| 300 | _a21.52 | ||
| 650 |
_aManagement _9241 |
||
| 942 | _cBK | ||
| 999 |
_c1643 _d1642 |
||